000 00717cam a22002293a 4500
001 37285
003 PGUSA
005 20140828083822.0
008 110901s2011||||xxu|||||s|||||000 | eng d
040 _aPGUSA
_beng
042 _adc
100 1 _aBalzac, Honoré de,
_d1799-1850
245 1 4 _aThe Works of Honoré de Balzac :
_bAbout Catherine de' Medici, Seraphita and other stories
_h[electronic resource] /
_cHonoré de Balzac
260 _bProject Gutenberg,
_c2011
506 _aPublic domain in the USA.
516 _aElectronic text
700 1 _aBell, Clara,
_d1834-1927
700 1 _aWaring, James
830 0 _aProject Gutenberg
_v37285
856 4 0 _uhttp://www.gutenberg.org/ebooks/37285
942 _cEB
999 _c266539
_d266539